| 000 | 009980000a22002050004500 | ||
|---|---|---|---|
| 020 | _a84-293-1086-X | ||
| 041 | 0 | _aSPA | |
| 082 | 0 | 4 | _aG 261.7 M3229f |
| 100 | 1 | _aMardones, José María | |
| 245 | 1 | 0 | _aFe y política : El compromiso político de los cristianos en tiempos de desencanto / José María Mardones |
| 260 | _aSantander : Sal Terrae | ||
| 300 | _a223 Pag | ||
| 440 | 0 | _aColección Presencia Social, Nº 5 | |
| 505 | 0 | 0 | _a- Qué es la política - Dónde se hace política - Elogio de la política y del compromiso político de los cristianos - La política de la postguerra - El fin de la era socialdemócrata - Democracia y Socialdemocracia en España - Retos de una situación: el futuro y las paradojas de la democracia - Cómo estar en el compromiso por la justicia y la libertad - Para una pedagogía del compromiso político |
| 001 | 12426 | ||
| 942 | _cBK | ||
| 999 |
_c41451 _d41451 |
||
| 336 |
_atexto _btxt _2rdacontent |
||
| 337 |
_2rdamedia _asin mediación _bn |
||
| 338 |
_2rdacarrier _avolumen _bnc |
||